Dishes with Capers - Sudden Death - Statistics

General Stats
  • This quiz has been taken 30 times
  • The average score is 6 of 16
Answers on the Grid
Answers color-coded by a green-red scale on the quiz's grid according to % correct below.
Spaghetti alla puttanesca
Rovelline lucchesi
Spaghetti allo scammaro
Caponata
Vitello tonnato
Involtini di pesce spada alla siciliana
Pollo con capperi
Dakos
Kaparosalata and daktyla bread
Skate in Brown Butter
Steak tartare
Canapés à la tapenade
Anchoïade et crudités
Lox on bagel
Montreal-style cold smoked salmon bagel
Königsberger Klopse
Caesar salad
Club sandwich
Spaghetti alla Nerano
Spaghetti alla carbonara
Fabes con almejas
Gravlax
Bryndzové halušky
Shepherd's pie
Pastrami on rye
Montreal-style smoked meat
Bigoli con l'anatra
Cacio e pepe
 
Answer Stats
Answer % Correct
Lox on bagel
58%
Pollo con capperi
58%
Spaghetti alla puttanesca
58%
Canapés à la tapenade
47%
Anchoïade et crudités
42%
Skate in Brown Butter
42%
Steak tartare
42%
Caponata
37%
Involtini di pesce spada alla siciliana
37%
Montreal-style cold smoked salmon bagel
37%
Kaparosalata and daktyla bread
32%
Spaghetti allo scammaro
32%
Vitello tonnato
32%
Dakos
26%
Rovelline lucchesi
21%
Königsberger Klopse
16%
No matching quizzes found
Score Distribution
Percent of People with Each Score
Percentile by Number Answered
Your Score History
You have not taken this quiz